000 00651nam a2200241Ia 4500
003 0100
008 130307s9999 xx 000 0 und d
020 _a081910874X
040 _cARRUPELIB
050 _aBR65.A92W57
100 _aWoelfel, James W
245 _aAugustinian humanism
245 _bstudies in human bondage and earthly grace
260 _aWashington DC
260 _bUniversity Press of America
260 _c1979
300 _a136p.
300 _b21cm
650 _bAgricultural laborers--Zimbabwe
650 _cWomen agricultural laborers--Zimbabwe
650 _dMigrant agricultural laborers--Zimbabwe
942 0 0 _01
999 _c101733
_d101733